Normal view
MARC view
Entry Meeting Name
001 - CONTROL NUMBER
- control field: 19179
003 - CONTROL NUMBER IDENTIFIER
- control field: OSt
005 - DATE AND TIME OF LATEST TRANSACTION
- control field: 20211105134355.0
008 - FIXED-LENGTH DATA ELEMENTS
- fixed length control field: 211105|| aca||aabn | a|a d
040 ## - CATALOGING SOURCE
- Original cataloging agency: OSt
- Transcribing agency: OSt
111 ## - HEADING--MEETING NAME
- Meeting name or jurisdiction name as entry element: 4th EIPC Astrophysical Workshop on Star formation, Galaxies and the interstellar Medium
- Location of meeting: Elba International Physics Center Marciana Marina, Elba Island
- Date of meeting or treaty signing: 1992 June 1-6
670 ## - SOURCE DATA FOUND
- Source citation: Work cat.: (OSt): 4th EIPC Astrophysical Workshop on Star formation, Galaxies and the interstellar Medium Elba International Physics Center Marciana Marina, Elba Island 1992 June 1-6, Star formation, Galaxies and the interStellar medium, 1993